00603nam a2200205 a 4500001001300000003000900013005001700022008004100039020001000080082001500090100001300105245004200118260005900160300000800219500003500227505007000262650002500332650002700357700001300384nice12345678IN_TiNIC20260116015203.0050524s2000 hyda grp 000 0 eng  ac10000a305.4bNIS aNisiet,  aWomen`s Perspectives on Public Policy aHyderabadbIndian Association of Women`s Studiesc2000 a82p aincludes index and biblioraphy2 a9th National Conference on Women Studies 8-11 Jan, 2000 Hyderabad aHyderabad Conference aWomen-India-Conference1 aNisiet,